The Wealth Ladder: (Record no. 30590)
[ view plain ]
| 000 -LEADER | |
|---|---|
| fixed length control field | 01154nam a2200193 4500 |
| 008 - FIXED-LENGTH DATA ELEMENTS--GENERAL INFORMATION | |
| fixed length control field | 251016b |||||||| |||| 00| 0 eng d |
| 020 ## - INTERNATIONAL STANDARD BOOK NUMBER | |
| International Standard Book Number | 9781529945904 |
| 082 ## - DEWEY DECIMAL CLASSIFICATION NUMBER | |
| Classification number | 332.024 |
| 100 ## - MAIN ENTRY--PERSONAL NAME | |
| Personal name | Maggiulli, Nick |
| 245 ## - TITLE STATEMENT | |
| Title | The Wealth Ladder: |
| Remainder of title | Proven Strategies for Every Step of Your Financial Life |
| 260 ## - PUBLICATION, DISTRIBUTION, ETC. | |
| Place of publication, distribution, etc. | UK; |
| Name of publisher, distributor, etc. | Cornerstone press: |
| Date of publication, distribution, etc. | c2025. |
| 300 ## - PHYSICAL DESCRIPTION | |
| Extent | xviii, 234p. |
| 500 ## - GENERAL NOTE | |
| General note | It contains bibliography. |
| 520 ## - SUMMARY, ETC. | |
| Summary, etc. | Nick Maggiulli’s The Wealth Ladder introduces a dynamic framework for personal finance that adapts to different stages of wealth. Rather than offering one-size-fits-all advice, Maggiulli divides financial life into six distinct levels based on net worth, from under $10,000 to over $100 million. Each level presents unique challenges and requires tailored strategies for earning, saving, and investing. Drawing on data-driven insights and his experience as COO and Data Scientist at Ritholtz Wealth Management, Maggiulli empowers readers to climb the financial ladder with practical, level-specific guidance. |
| 650 ## - SUBJECT ADDED ENTRY--TOPICAL TERM | |
| Topical term or geographic name entry element | Personal finance management |
| 650 ## - SUBJECT ADDED ENTRY--TOPICAL TERM | |
| Topical term or geographic name entry element | Money |
| 942 ## - ADDED ENTRY ELEMENTS (KOHA) | |
| Source of classification or shelving scheme | Dewey Decimal Classification |
| Suppress in OPAC | No |
| Koha item type | Book |
| Withdrawn status | Lost status | Source of classification or shelving scheme | Damaged status | Not for loan | Home library | Current library | Date acquired | Total checkouts | Total renewals | Full call number | Barcode | Date due | Date last seen | Date last checked out | Price effective from | Koha item type |
|---|---|---|---|---|---|---|---|---|---|---|---|---|---|---|---|---|
| Dewey Decimal Classification | IMI Delhi | IMI Delhi | 15/10/2025 | 1 | 1 | 332.024 MAG | 22197 | 27/05/2026 | 24/10/2025 | 24/10/2025 | 16/10/2025 | Book |